30 Największych jezior w Polsce - Statystyki

Ogólne statystyki
  • Ten quiz został rozwiązany 120 razy
  • Średni wynik to 12 z 30
Statystyki odpowiedzi
# Województwo Powierzchnia
(ha)
Jezioro % Poprawnych
1. Warmińsko-Mazurskie 11340,4 Śniardwy
99%
2. Warmińsko-Mazurskie 10282,4 Mamry
94%
3. Pomorskie 7140,0 Łebsko
84%
11. Podlaskie 2118,3 Wigry
80%
4. Zachodniopomorskie 5408,0 Dąbie
73%
6. Warmińsko-Mazurskie 3219,4 Jeziorak
71%
7. Warmińsko-Mazurskie 2600,0 Niegocin
66%
9. Zachodniopomorskie 2239,6 Jamno
63%
8. Pomorskie 2468,1 Gardno
60%
10. Wielkopolskie /Kujawsko-Pomorskie 2154,5 Gopło
60%
5. Zachodniopomorskie 3527,0 Miedwie
51%
13. Zachodniopomorskie 1871,5 Drawsko
48%
12. Warmińsko-Mazurskie 1887,7 Roś
44%
15. Warmińsko-Mazurskie 1818,0 Jezioro Nidzkie
41%
20. Warmińsko-Mazurskie 1446,0 Druzno
40%
19. Pomorskie 1455,6 Wdzydze
31%
16. Zachodniopomorskie 1754,6 Wielimie
28%
22. Pomorskie 1431,6 Jezioro Żarnowieckie
23%
14. Warmińsko-Mazurskie 1831,2 Tałty-Ryńskie
23%
17. Zachodniopomorskie 1747,4 Bukowo
20%
21. Zachodniopomorskie 1439,0 Lubie
20%
25. Warmińsko-Mazurskie 1240,0 Narie
17%
24. Warmińsko-Mazurskie 1269,5 Selmęt Wielki
17%
30. Zachodniopomorskie 1058,9 Wicko
17%
28. Pomorskie 1124,4 Jezioro Raduńskie
16%
26. Zachodniopomorskie 1200,0 Wicko Wielkie
16%
23. Pomorskie 1363,8 Jezioro Charzykowskie
15%
27. Wielkopolskie 1174,7 Jezioro Powidzkie
14%
29. Warmińsko-Mazurskie 1070,7 Orzysz
10%
18. Warmińsko-Mazurskie 1503,2 Jezioro Rajgrodzkie
5%
Nie znaleziono quizów pasujących do podanych kryteriów
Rozkład punktacji
Procent ludzi z każdym wynikiem
Percentyl według liczby udzielonych odpowiedzi
Twoja historia wyników
Nie rozwiązałeś tego quizu